<?xml version="1.0" encoding="UTF-8"?><?xml-stylesheet type="text/xsl" href="static/style.xsl"?><OAI-PMH xmlns="http://www.openarchives.org/OAI/2.0/" xmlns:xsi="http://www.w3.org/2001/XMLSchema-instance" xsi:schemaLocation="http://www.openarchives.org/OAI/2.0/ http://www.openarchives.org/OAI/2.0/OAI-PMH.xsd"><responseDate>2026-04-13T05:49:47Z</responseDate><request verb="GetRecord" identifier="oai:www.recercat.cat:2117/171870" metadataPrefix="marc">https://recercat.cat/oai/request</request><GetRecord><record><header><identifier>oai:recercat.cat:2117/171870</identifier><datestamp>2026-01-20T12:35:30Z</datestamp><setSpec>com_2072_1033</setSpec><setSpec>col_2072_452951</setSpec></header><metadata><record xmlns="http://www.loc.gov/MARC21/slim" xmlns:dcterms="http://purl.org/dc/terms/" xmlns:xsi="http://www.w3.org/2001/XMLSchema-instance" xmlns:doc="http://www.lyncode.com/xoai" xsi:schemaLocation="http://www.loc.gov/MARC21/slim http://www.loc.gov/standards/marcxml/schema/MARC21slim.xsd">
   <leader>00925njm 22002777a 4500</leader>
   <datafield ind2=" " ind1=" " tag="042">
      <subfield code="a">dc</subfield>
   </datafield>
   <datafield ind2=" " ind1=" " tag="720">
      <subfield code="a">Carrera Prat, Gerard</subfield>
      <subfield code="e">author</subfield>
   </datafield>
   <datafield ind2=" " ind1=" " tag="260">
      <subfield code="c">2019-06-10</subfield>
   </datafield>
   <datafield ind2=" " ind1=" " tag="520">
      <subfield code="a">El proyecto de construcción del nuevo aeropuerto de Madrid Sur lleva asociado el desarrollo&#xd;
de unas rutas de entrada y salida del aeropuerto que permitan un tráfico rápido, fluido y compatible&#xd;
con el espacio aéreo de los aeropuertos cercanos. Tratándose de un aeropuerto de nueva&#xd;
construcción, en este trabajo no solo se proporcionan las rutas convencionales sino que también&#xd;
se desarrollan y presentan los vanguardistas procedimientos RNAV, que permiten una reducción&#xd;
de las distancias y tiempo de vuelo así como una reducción del impacto sobre los habitantes en&#xd;
zonas próximas al aeropuerto. Para el desarrollo de este proyecto se toman como referencia los&#xd;
procedimientos ya existentes en aeropuertos españoles y europeos.&#xd;
New Madrid’s Sur airport construction project needs the development of some arrival and departure&#xd;
procedures which ensure a fluid and fast traffic, compatible with near airports’ airspace.&#xd;
As this is a brand new airport, not only the conventional procedures are developed but also the&#xd;
new RNAV procedures are developed and presented. The RNAV procedures allow a reduction&#xd;
in flight distance and flight time as well as a noise impact reduction for the inhabitants in the&#xd;
sorroundings of the airport. To develop the airport’s procedures the existing routes for Spanish&#xd;
and European airports are used as a reference.</subfield>
   </datafield>
   <datafield tag="653" ind2=" " ind1=" ">
      <subfield code="a">Àrees temàtiques de la UPC::Aeronàutica i espai</subfield>
   </datafield>
   <datafield tag="653" ind2=" " ind1=" ">
      <subfield code="a">Aeronautical charts</subfield>
   </datafield>
   <datafield tag="653" ind2=" " ind1=" ">
      <subfield code="a">Navigation (Aeronautics)</subfield>
   </datafield>
   <datafield tag="653" ind2=" " ind1=" ">
      <subfield code="a">procedimientos</subfield>
   </datafield>
   <datafield tag="653" ind2=" " ind1=" ">
      <subfield code="a">RNAV</subfield>
   </datafield>
   <datafield tag="653" ind2=" " ind1=" ">
      <subfield code="a">aeropuerto</subfield>
   </datafield>
   <datafield tag="653" ind2=" " ind1=" ">
      <subfield code="a">SID</subfield>
   </datafield>
   <datafield tag="653" ind2=" " ind1=" ">
      <subfield code="a">STAR</subfield>
   </datafield>
   <datafield tag="653" ind2=" " ind1=" ">
      <subfield code="a">IAC</subfield>
   </datafield>
   <datafield tag="653" ind2=" " ind1=" ">
      <subfield code="a">GNSS</subfield>
   </datafield>
   <datafield tag="653" ind2=" " ind1=" ">
      <subfield code="a">VOR</subfield>
   </datafield>
   <datafield tag="653" ind2=" " ind1=" ">
      <subfield code="a">DME</subfield>
   </datafield>
   <datafield tag="653" ind2=" " ind1=" ">
      <subfield code="a">control aéreo</subfield>
   </datafield>
   <datafield tag="653" ind2=" " ind1=" ">
      <subfield code="a">Cartes aeronàutiques</subfield>
   </datafield>
   <datafield tag="653" ind2=" " ind1=" ">
      <subfield code="a">Navegació aèria</subfield>
   </datafield>
   <datafield tag="653" ind2=" " ind1=" ">
      <subfield code="a">Aeropuerto Madrid Sur</subfield>
   </datafield>
   <datafield ind2="0" ind1="0" tag="245">
      <subfield code="a">Diseño de procedimientos aéreos de un nuevo aeropuerto</subfield>
   </datafield>
</record></metadata></record></GetRecord></OAI-PMH>